LIBRARY & INFORMATION CENTRE, KCAET, TAVANUR

ONLINE PUBLIC ACCESS CATALOGUE (OPAC)

Irrigation and drainage management / (Record no. 13967)

MARC details
000 -LEADER
fixed length control field 00473cam a22001815i 4500
003 - CONTROL NUMBER IDENTIFIER
control field OSt
008 - FIXED-LENGTH DATA ELEMENTS--GENERAL INFORMATION
fixed length control field 240216b |||||||| |||| 00| 0 eng d
020 ## - INTERNATIONAL STANDARD BOOK NUMBER
ISBN 1933699280
020 ## - INTERNATIONAL STANDARD BOOK NUMBER
ISBN 9781933699288
041 ## - LANGUAGE CODE
Language code of text/sound track or separate title eng
082 ## - DEWEY DECIMAL CLASSIFICATION NUMBER
Classification number 631.5871
Item number YIL/IR
100 1# - MAIN ENTRY--AUTHOR NAME
Personal name Yilmaz, Levent
245 00 - TITLE STATEMENT
Title Irrigation and drainage management /
260 ## - PUBLICATION, DISTRIBUTION, ETC. (IMPRINT)
Place of publication Texas :
Name of publisher Stadium Press LLC.,
Year of publication 2012.
300 ## - PHYSICAL DESCRIPTION
Number of Pages 391 p.
650 10 - SUBJECT ADDED ENTRY--TOPICAL TERM
Topical Term Irrigarion; Drainage management
942 ## - ADDED ENTRY ELEMENTS (KOHA)
Koha item type Books
Holdings
Withdrawn status Lost status Damaged status Collection code Home library Current library Shelving location Date acquired Source of acquisition Full call number Accession Number Koha item type
      Non-fiction KAUAET KAUAET Reference 30/03/2013 Neoti Book Agency 631.5871 YIL/IR 23894 Books
      Non-fiction KAUAET KAUAET General Stacks 30/03/2013   631.5871 YIL/IR 23988 Books
free website counter